[Event "HZ Open"]
[Site "Vlissingen NED"]
[Date "2003.08.03"]
[Round "2"]
[White "Nisipeanu,LD"]
[Black "Rosmuller,A"]
[Result "1-0"]
[WhiteElo "2666"]
[BlackElo "2155"]

1.e4 e5 2.Nf3 Nc6 3.Bb5 a6 4.Ba4 Nf6 5.O-O Be7 6.Re1 b5 7.Bb3 O-O 8.a4 b4
9.d3 d6 10.a5 Nb8 11.Nbd2 h6 12.c3 Nbd7 13.d4 exd4 14.cxd4 Bb7 15.Nh4 c5
16.e5 Nd5 17.Nf5 dxe5 18.dxe5 Re8 19.Nc4  1-0

[Event "HZ Open"]
[Site "Vlissingen NED"]
[Date "2003.08.03"]
[Round "3"]
[White "Vedder,R"]
[Black "Nisipeanu,LD"]
[Result "0-1"]
[WhiteElo "2256"]
[BlackElo "2666"]

1.e4 c6 2.d4 d5 3.e5 Bf5 4.g4 Bd7 5.Bg2 e6 6.Ne2 h5 7.g5 Ne7 8.Nf4 g6 9.Nd3 Nf5
10.c3 c5 11.Bh3 Bb5 12.Bxf5 exf5 13.a4 Bc4 14.Nxc5 Bxc5 15.dxc5 Nc6 16.b3 Ba6
17.f4 d4 18.c4 b6 19.cxb6 Qxb6 20.Ba3 O-O-O 21.Nd2 d3 22.c5 Qc7 23.Nf3 d2+
24.Kf2 Nd4 25.Nxd2 Ne6 26.Qc2 Nxf4 27.Nf3 Nd3+ 28.Kg2 Qc6 29.Rhe1 Nxe1+ 30.Rxe1  0-1

[Event "HZ Open"]
[Site "Vlissingen NED"]
[Date "2003.08.06"]
[Round "6"]
[White "Nisipeanu,LD"]
[Black "Kasimdzhanov,R"]
[Result "1/2-1/2"]
[WhiteElo "2666"]
[BlackElo "2664"]

1.e4 e5 2.Nf3 Nc6 3.Bb5 a6 4.Ba4 Nf6 5.O-O Be7 6.Re1 b5 7.Bb3 O-O 8.c3 d5
9.exd5 Nxd5 10.d4 exd4 11.cxd4 Bf5 12.Nbd2 Bb4 13.a3 Ba5 14.Ba2 Bg6 15.h3 Kh8
16.b4 Nc3 17.Qb3 Nxa2 18.Qxa2 Bb6 19.Bb2 f6 20.Qe6 Nxd4 21.Bxd4 Bxd4 22.Nxd4 Qxd4
23.Nb3 Qb2 24.Re2 Bf7 25.Rxb2 Bxe6 26.Rc1 Bxb3  1/2-1/2

[Event "HZ Open"]
[Site "Vlissingen NED"]
[Date "2003.08.09"]
[Round "9"]
[White "Pedersen,St"]
[Black "Nisipeanu,LD"]
[Result "0-1"]
[WhiteElo "2416"]
[BlackElo "2666"]

1.d4 g6 2.c4 Bg7 3.e4 d6 4.Nf3 e5 5.Be2 exd4 6.Nxd4 Nc6 7.Be3 Nge7 8.Nc3 O-O
9.h4 f5 10.Nxc6 bxc6 11.Bd4 c5 12.Bxg7 Kxg7 13.Qd2 f4 14.O-O-O Nc6 15.Nd5 Nd4
16.Qc3 Be6 17.Rxd4 cxd4 18.Qxd4+ Kg8 19.h5 c5 20.Qc3 Bxd5 21.hxg6 Bxe4 22.gxh7+ Bxh7
23.Bf3 Rf5 24.Be4 f3 25.gxf3 Qg5+ 26.Qe3 Qxe3+ 27.fxe3 Raf8 28.Bxf5 Bxf5
29.Rh6 Rd8 30.e4 Kg7 31.Rh4 Bg6 32.Kd2 Rb8 33.b3 a5 34.Rg4 Rh8 35.f4 Rh2+
36.Kc3 Kf6 37.e5+ dxe5 38.fxe5+ Kf7  0-1

[Event "Ordix Open"]
[Site "Mainz GER"]
[Date "2003.08.16"]
[Round "2"]
[White "Nisipeanu,LD"]
[Black "Schaack,H"]
[Result "1-0"]
[WhiteElo "2666"]
[BlackElo "2261"]

1.c4 Nf6 2.Nc3 g6 3.g3 Bg7 4.Bg2 O-O 5.Nf3 Nc6 6.O-O a6 7.d3 Rb8 8.b3 e5
9.Bb2 d6 10.Nd2 Nh5 11.Nd5 f5 12.f4 Ne7 13.fxe5 dxe5 14.Ba3 Re8 15.Nxe7+ Rxe7
16.Bxe7 Qxe7 17.e3 f4 18.Ne4 fxg3 19.hxg3 Be6 20.Qe2 c6 21.Bf3 Nf6 22.Nxf6+ Bxf6
23.Be4 Bg5 24.Kg2 Kg7 25.Rh1 Rd8 26.Rxh7+ Kxh7 27.Qh5+ Kg8 28.Qxg6+ Kf8 29.Rf1+ Bf7
30.Rxf7+ Qxf7 31.Qxg5 Qe7 32.Qf5+ Ke8 33.g4 Rd7 34.g5 Kd8 35.Kg3 Kc7 36.Kg4 Qg7
37.Qf6 Qxf6 38.gxf6 Rf7 39.Kf5 Kd6 40.c5+  1-0

[Event "Open"]
[Site "Santo Domingo DOM"]
[Date "2003.11.28"]
[Round "2"]
[White "Quillan,G"]
[Black "Nisipeanu,LD"]
[Result "0-1"]
[WhiteElo "2323"]
[BlackElo "2675"]

1.e4 c6 2.d4 d5 3.exd5 cxd5 4.c4 Nf6 5.Nc3 e6 6.Nf3 Bb4 7.cxd5 Nxd5 8.Qc2 Qc7
9.Bd2 Nd7 10.Rc1 Bxc3 11.bxc3 b6 12.Qe4 Bb7 13.Qh4 O-O 14.Bd3 N5f6 15.Bf4 Qd8
16.O-O Be4 17.Bxe4 Nxe4 18.Qxd8 Rfxd8 19.Rfe1 Nef6 20.c4 Rac8 21.Bd6 Rc6
22.c5 Nd5 23.Rc4 Rdc8 24.Rec1 f6 25.a3 Kf7 26.Nd2 g5 27.Ne4 Kg6 28.Kf1 h5
29.Ke2 f5 30.Nd2 bxc5 31.dxc5 N5f6 32.h4 g4 33.Be7 Kf7 34.Bxf6 Kxf6 35.Nb3 Ra6
36.a4 Rb8 37.R1c3 Ne5 38.Rd4 Rc6 39.f4 gxf3+ 40.gxf3 Rc7 41.Rd6 Nf7 42.Ra6 Rb4
43.Re3 Ne5 44.Rd6 Rc6 45.Rd4 Rb8 46.Rd1 Ng6 47.Nd4 Nf4+ 48.Kf1 Rxc5 49.Ne2 Nd5
50.Ra3 Rb2 51.Nd4 Rc4 52.Ke1 Ke5  0-1

[Event "Open"]
[Site "Santo Domingo DOM"]
[Date "2003.11.30"]
[Round "5"]
[White "Nisipeanu,LD"]
[Black "Socko,B"]
[Result "1-0"]
[WhiteElo "2675"]
[BlackElo "2547"]

1.e4 e6 2.d4 d5 3.Nd2 Nf6 4.e5 Nfd7 5.c3 c5 6.Bd3 Nc6 7.Ngf3 g6 8.O-O Bg7
9.Re1 O-O 10.Nf1 cxd4 11.cxd4 Qb6 12.Bc2 f6 13.exf6 Nxf6 14.Bb3 Na5 15.Ng3 Nxb3
16.axb3 Bd7 17.Ne5 Bb5 18.Bf4 Nd7 19.Qd2 Rac8 20.h4 Nxe5 21.Bxe5 Bxe5 22.Rxe5 Rf6
23.h5 Rcf8 24.f3 Rf4 25.Rd1 Be8 26.Qe3 R4f6 27.hxg6 Bxg6 28.Rc1 Rf4 29.Ne2 R4f6
30.Rc3 Kh8 31.Qc1 Be8 32.Qe3 Bg6 33.Kf2 a6 34.Qc1 Be8 35.Qe3 Bg6 36.Rg5 Qd6
37.Qe5 Qxe5 38.dxe5 R6f7 39.Nd4 Re7 40.Ke3 Kg8 41.Rg4 Rfe8 42.b4 Kg7 43.Rf4 h5
44.Rf6 Bf7 45.g3 Rh8 46.Rc1 h4 47.g4 h3 48.Kf2 Kg8 49.Kg3 h2 50.Rh1 Rc7 51.Nxe6 Rc2
52.Nd4 Rd2 53.Nf5 Be8 54.Rb6 Rh7 55.Rd6 Kf8 56.e6 Re2 57.e7+ Kf7 58.Rxd5 Bc6
59.Rd8 Kf6 60.Rf8+ Kg5 61.Nd4 Rexe7 62.Rxh2 Rxh2 63.Rf5+ Kg6 64.Kxh2 Be8
65.Rd5 Re1 66.Kg3 Rd1 67.Rd6+ Kf7 68.Nf5 Rf1 69.Rb6 Bc6 70.Nd4 Bd5 71.Rd6 Bc4
72.f4 Rd1 73.Kh4 Rd2 74.Nf5 Rxb2 75.Rd7+ Kf6 76.Rxb7 Bb5 77.Rb6+ Kf7 78.Nd6+ Kf8
79.Nxb5  1-0

[Event "Open"]
[Site "Santo Domingo DOM"]
[Date "2003.12.02"]
[Round "7"]
[White "Nisipeanu,LD"]
[Black "Solleveld,Maa"]
[Result "1-0"]
[WhiteElo "2675"]
[BlackElo "2484"]

1.e4 e5 2.Nf3 Nc6 3.Bb5 a6 4.Ba4 Nf6 5.O-O Be7 6.Re1 b5 7.Bb3 d6 8.a4 Bb7
9.d3 O-O 10.Nbd2 Na5 11.Ba2 c5 12.Nf1 b4 13.c3 bxc3 14.bxc3 c4 15.Ng3 cxd3
16.Qxd3 Bc8 17.Bg5 Be6 18.Bxf6 Bxf6 19.Nf5 Nb7 20.Bd5 Nc5 21.Qd1 Rc8 22.Bxe6 Nxe6
23.Rc1 Qa5 24.Qxd6 Qxa4 25.Ra1 Qc6 26.Qxc6 Rxc6 27.Nxe5 Rc7 28.Ra5 Rd8 29.Rd5 Rxc3
30.Nd7 Bg5 31.h4 Rc1 32.Rxc1 Bxc1 33.Ne7+ Kh8 34.Ne5 Rf8 35.Ra5 Bb2 36.N7c6 Nc7
37.Nc4 Bf6 38.g3 g6 39.Nb6 Re8 40.Nd5 Nxd5 41.exd5 Re1+ 42.Kg2 Rd1 43.Kf3 Bc3
44.Rc5 Bd4 45.Nxd4 Rxd4 46.Ke3 Rd1 47.Ke4 Kg7 48.Ke5 f6+ 49.Ke6 Re1+ 50.Kd7 Kf7
51.d6 Rd1 52.Rc7 f5 53.Kc8+  1-0

[Event "Open"]
[Site "Santo Domingo DOM"]
[Date "2003.12.03"]
[Round "8"]
[White "Moiseenko,A"]
[Black "Nisipeanu,LD"]
[Result "1-0"]
[WhiteElo "2618"]
[BlackElo "2675"]

1.d4 Nf6 2.c4 e6 3.Nc3 Bb4 4.g3 c5 5.Nf3 cxd4 6.Nxd4 O-O 7.Bg2 d5 8.Qb3 Bxc3+
9.Qxc3 e5 10.Nb3 dxc4 11.Na5 Be6 12.Bxb7 Nbd7 13.O-O Qc7 14.Bxa8 Rxa8 15.Bd2 Ne4
16.Qe3 Ndf6 17.Rfc1 Bd5 18.f3 Nxd2 19.Qxd2 e4 20.Nxc4 exf3 21.exf3 Bxf3 22.Nd6 Qd7
23.Qc3 Qxd6 24.Qxf3 Rb8 25.Rc2 h5 26.Rd1 Qe6 27.b3 Re8 28.Rc6 Qe5 29.Rf1 Rd8
30.Qc3 Qb8 31.Rc1 Ne4 32.Qa5 Re8 33.Qc7 Qb5 34.Qd7 Nf6 35.Qxa7 Qf5 36.Qc5 Re5
37.Qc2 Ne4 38.Rc4 Qg6 39.Rc6 Qg4 40.Rf1 Qd7 41.Rc8+ Kh7 42.Rc4 f5 43.Qd1 Qf7
44.Kh1 Ng5 45.Qd6 Rd5 46.Qc6 Rd2 47.Rc2 Rd3 48.Rcf2 Rd5 49.Re2 Rd4 50.Qg2 Qd7
51.Ref2 Rd5 52.a4 Kg6 53.Re2 Rd3 54.Qa8 Rxb3 55.Qe8+ Qxe8 56.Rxe8 Ra3 57.Re5 Rxa4
58.Rexf5 Nh7 59.R5f4 Ra5 60.Kg2 Nf6 61.R1f2 Ng4 62.Re2 Ra3 63.Rf3 Ra7 64.Rb3 Nf6
65.Reb2 Ra4 66.Rb4 Ra3 67.Rb7 Ra4 68.Kf3 Ra3+ 69.R2b3 Ra4 70.Re7 Nd5 71.Re6+ Nf6
72.Rb7 Ra3+ 73.Re3 Ra2 74.Ree7 Ra3+ 75.Kg2 Ra2+ 76.Kh3 Ng4 77.Rxg7+ Kf6 78.Rbf7+ Ke6
79.Kh4 Rxh2+ 80.Kg5 Ne5 81.Rf6+ Kd5 82.Rf5 Kd4 83.Rf4+ Kd3 84.Ra7 Rh3 85.Ra3+ Kd2  1-0

[Event "Open"]
[Site "Santo Domingo DOM"]
[Date "2003.12.04"]
[Round "9"]
[White "Nisipeanu,LD"]
[Black "Oms Pallise,J"]
[Result "1-0"]
[WhiteElo "2675"]
[BlackElo "2498"]

1.e4 e5 2.Nf3 Nf6 3.Nxe5 d6 4.Nf3 Nxe4 5.d4 d5 6.Bd3 Be7 7.O-O Nc6 8.c4 Nb4
9.Be2 O-O 10.a3 Nc6 11.cxd5 Qxd5 12.Nc3 Nxc3 13.bxc3 Bf6 14.Rb1 Ne7 15.Nd2 Nf5
16.Bf3 Qa5 17.Ne4 Be7 18.Qc2 Rb8 19.Bf4 Bd6 20.Nxd6 Nxd6 21.Qb3 Bf5 22.Qb4 Qxb4
23.Rxb4 Bd3 24.Rd1 Ba6 25.c4 Nxc4 26.Bxc7 Rbc8 27.Bxb7 Rxc7 28.Bxa6 Nxa3
29.d5 Rd8 30.d6 Rc3 31.h3 g6 32.Ra4 Nc2 33.d7 Kg7 34.Re4 Rb3 35.Re8 Rbb8
36.Bc8  1-0

[Event "It Resort and Casino"]
[Site "Decameron DOM"]
[Date "2003.12.07"]
[Round "3"]
[White "Nisipeanu,LD"]
[Black "De la Paz,F"]
[Result "1/2-1/2"]
[WhiteElo "2675"]
[BlackElo "2427"]

1.e4 e5 2.Nf3 Nc6 3.Bb5 a6 4.Ba4 Nf6 5.O-O Be7 6.Re1 b5 7.Bb3 O-O 8.a4 b4
9.d3 d6 10.a5 Be6 11.Nbd2 Rb8 12.Nc4 Nd7 13.Be3 Bf6 14.Ba4 Nd4 15.c3 Nxf3+
16.Qxf3 Bg5 17.Bxd7 Bxd7 18.Bxg5 Qxg5 19.d4 bxc3 20.bxc3 Be6 21.Qd3 f5 22.exf5 Bxf5
23.Qe3 Qf4 24.g3 Qxe3 25.Nxe3 exd4 26.Nxf5 Rxf5 27.cxd4 Rb2 28.f4 h6 29.Re8+ Kh7
30.Ra8 Rd5 31.Rxa6 Rxd4 32.Rc6 Rdd2 33.a6 Rg2+ 34.Kh1 Rxh2+ 35.Kg1 Rbg2+
36.Kf1 Rxg3 37.Ra4 Rgg2 38.a7 Ra2 39.Rxa2 Rxa2 40.Rxc7 Kg6 41.Rd7 d5 42.Rxd5 Rxa7
43.Kg2  1/2-1/2

[Event "It Resort and Casino"]
[Site "Decameron DOM"]
[Date "2003.12.08"]
[Round "4"]
[White "Lugo,B"]
[Black "Nisipeanu,LD"]
[Result "0-1"]
[WhiteElo "2418"]
[BlackElo "2675"]

1.e4 c5 2.Nf3 d6 3.d4 cxd4 4.Nxd4 Nf6 5.Nc3 Nc6 6.Be3 e6 7.Qd2 Be7 8.f3 O-O
9.O-O-O a6 10.g4 Nxd4 11.Bxd4 Nd7 12.h4 b5 13.Kb1 b4 14.Na4 Bb7 15.b3 Bc6
16.Nb2 a5 17.g5 d5 18.e5 a4 19.Nd3 Qa5 20.Rh2 Nb6 21.Nc1 Bb5 22.h5 Bxf1 23.Rxf1 Bc5
24.Rg1 Nd7 25.g6 h6 26.Bxc5 Qxc5 27.gxf7+ Rxf7 28.Rhg2 Nxe5 29.Qxh6 Qe7 30.Re1 Nxf3
31.Rxe6 Nd2+ 32.Qxd2 Qxe6 33.h6 axb3 34.Nxb3 g6 35.Qxb4 Kh7 36.Rd2 Qa6 37.a3 Rb7
38.Qc5 Qxa3 39.Qxa3 Rxa3 40.Rxd5 Kxh6 41.Kb2 Ra4 42.Kc3 g5 43.Nd4 Ra3+ 44.Kd2 Rf7
45.c3 Kg6 46.Kd3 g4 47.Ne2 Ra2 48.Re5 Rf3+ 49.Kd4 Rd2+  0-1

[Event "It Resort and Casino"]
[Site "Decameron DOM"]
[Date "2003.12.08"]
[Round "5"]
[White "Nisipeanu,LD"]
[Black "Campora,D"]
[Result "1-0"]
[WhiteElo "2675"]
[BlackElo "2503"]

1.e4 e5 2.Nf3 Nc6 3.Bb5 a6 4.Ba4 Nf6 5.O-O Be7 6.Re1 b5 7.Bb3 O-O 8.c3 d6
9.h3 Nb8 10.d4 Nbd7 11.Nbd2 Bb7 12.Bc2 Re8 13.b3 Bf8 14.Bb2 g6 15.a4 Bg7
16.Bd3 c6 17.Qc2 Rc8 18.Bf1 Qc7 19.b4 Nb6 20.axb5 cxb5 21.d5 Nxe4 22.Nxe4 f5
23.Ng3 e4 24.Nd2 Na4 25.Rxa4 bxa4 26.Bc4 Bh6 27.Ngf1 e3 28.fxe3 f4 29.Ba2 fxe3
30.Nf3 a3 31.Ba1 Bg7 32.Rxe3 Rxe3 33.Nxe3 a5 34.bxa5 Re8 35.Nc4 Ba6 36.Qb3 Qc5+
37.Kh2 Re2 38.Nd4 Be5+ 39.Nxe5 Rxe5 40.Qb8+ Kg7 41.c4 Bc8 42.Nf3  1-0

[Event "It Resort and Casino"]
[Site "Decameron DOM"]
[Date "2003.12.09"]
[Round "7"]
[White "Nisipeanu,LD"]
[Black "Ramirez,Al"]
[Result "1-0"]
[WhiteElo "2675"]
[BlackElo "2483"]

1.e4 c5 2.Nf3 Nc6 3.c3 Nf6 4.e5 Nd5 5.d4 cxd4 6.cxd4 d6 7.Bc4 e6 8.O-O Be7
9.Qe2 O-O 10.Nc3 Nxc3 11.bxc3 dxe5 12.dxe5 Qa5 13.Qe4 Qa4 14.Bg5 h6 15.Bxe7 Nxe7
16.Rab1 Rb8 17.Rb4 Qc6 18.Qe3 b6 19.Bd3 Bb7 20.Rg4 Nf5 21.Bxf5 exf5 22.Nd4 Qc8
23.Rf4 g6 24.Rh4 h5 25.Rxh5  1-0

[Event "It Resort and Casino"]
[Site "Decameron DOM"]
[Date "2003.12.10"]
[Round "9"]
[White "Nisipeanu,LD"]
[Black "Zapata,A"]
[Result "1-0"]
[WhiteElo "2675"]
[BlackElo "2472"]

1.e4 c5 2.c3 d5 3.exd5 Qxd5 4.d4 Nc6 5.Nf3 Bg4 6.Be2 cxd4 7.cxd4 e6 8.Nc3 Qa5
9.h3 Bh5 10.d5 exd5 11.Nd4 Bxe2 12.Qxe2+ Be7 13.Nxc6 bxc6 14.O-O Qd8 15.Re1 Kf8
16.Bd2 Nf6 17.Rac1 Qd7 18.Qd3 Bd6 19.Bg5 Ne8 20.Na4 Nc7 21.Qc2 Ne6 22.Qxc6 Qxc6
23.Rxc6 Bb4 24.Re5 h6 25.a3 Bxa3 26.Bd2 Be7 27.Rxd5 Ke8 28.Be3 Bg5 29.Bxg5 hxg5
30.Nc5 Rd8 31.Rxd8+ Nxd8 32.Rc8 a5 33.Nb7 Kd7 34.Ra8 g6 35.Nxd8 Rxd8 36.Rxa5 Ke6
37.Ra1 Rb8 38.Rb1 f5 39.b4 Rb5 40.Kf1 Kd5 41.Ke2 Kc4 42.Ke3 Re5+ 43.Kf3 Rb5
44.Kg3 Kc3 45.f3 Kd2 46.Rb3 Kc2 47.Ra3 Kd2 48.Ra6 Ke2 49.Rxg6 f4+ 50.Kg4 Kf2
51.Rxg5 Rxb4 52.Ra5 Rb2 53.h4 Kxg2 54.h5  1-0

[Event "TCh-GRE"]
[Site "Aghia Pelagia GRE"]
[Date "2004.07.07"]
[Round "5"]
[White "Nisipeanu,LD"]
[Black "Berkes,F"]
[Result "1/2-1/2"]
[WhiteElo "2686"]
[BlackElo "2614"]

1.e4 c5 2.Nf3 d6 3.d4 cxd4 4.Nxd4 Nf6 5.Nc3 a6 6.Be2 e5 7.Nb3 Be7 8.Bg5 Be6
9.Bxf6 Bxf6 10.Qd3 O-O 11.O-O-O Be7 12.Nd5 Bxd5 13.Qxd5 Qc7 14.Kb1 Nd7 15.h4 Rac8
16.Qd3 Nc5 17.Qe3 Qc6 18.Nxc5 Qxc5 19.Qxc5 Rxc5 20.h5 f5 21.exf5 Rxf5 22.Bf3 e4
23.Bxe4 Rxf2 24.h6 b5 25.hxg7 h5 26.Rhf1 Rxf1 27.Rxf1 Kxg7 28.c3 h4  1/2-1/2

[Event "TCh-GRE"]
[Site "Aghia Pelagia GRE"]
[Date "2004.07.10"]
[Round "8"]
[White "Navara,D"]
[Black "Nisipeanu,LD"]
[Result "1/2-1/2"]
[WhiteElo "2616"]
[BlackElo "2686"]

1.e4 c5 2.Nf3 d6 3.d4 cxd4 4.Nxd4 Nf6 5.Nc3 Nc6 6.Be2 e6 7.O-O Be7 8.Be3 O-O
9.f4 Qc7 10.Ndb5 Qb8 11.a4 Rd8 12.Kh1 a6 13.Nd4 e5 14.Nb3 Be6 15.f5 Bxb3
16.cxb3 d5 17.exd5 Nb4 18.Bc4 b5 19.axb5 axb5 20.Rxa8 Qxa8 21.Bxb5 Nbxd5
22.Nxd5 Nxd5  1/2-1/2

[Event "TCh-GRE"]
[Site "Aghia Pelagia GRE"]
[Date "2004.07.11"]
[Round "9"]
[White "Nisipeanu,LD"]
[Black "Mchedlishvili,M"]
[Result "1-0"]
[WhiteElo "2686"]
[BlackElo "2518"]

1.e4 c6 2.d4 d5 3.exd5 cxd5 4.c4 Nf6 5.Nc3 Nc6 6.Nf3 e6 7.Bd3 dxc4 8.Bxc4 Be7
9.O-O O-O 10.a3 b6 11.Be3 Bb7 12.Qe2 Rc8 13.Ba2 Na5 14.Rac1 Qd6 15.Ne5 a6
16.Rfd1 b5 17.Bf4 Qb6 18.d5 exd5 19.b4 Nc4 20.Nxc4 bxc4 21.Qxe7 Rfe8 22.Qd6 Rc6
23.Nxd5 Nxd5 24.Qxd5 Rg6 25.Re1 Rf8 26.Be3 Bxd5 27.Bxb6 Rxb6 28.Bxc4 Bxc4
29.Rxc4 a5 30.bxa5 Rb5 31.Ra4 Ra8 32.a6 Kf8 33.a7 Rb7 34.Ra1 Rbxa7 35.Rxa7 Rxa7
36.a4 Ra5 37.Kf1 Ke7 38.Ke2 Kd6 39.Kd3 Rd5+ 40.Kc3 Rc5+ 41.Kb3 Rh5 42.a5 Kc7
43.a6 Kb8 44.h3 Ka7 45.Kc4 Rg5 46.g4 Rg6 47.f4 Rc6+ 48.Kd4 Rd6+ 49.Ke4 Re6+
50.Kf3 Rxa6 51.Rd1 Ra3+ 52.Ke4 Ra4+ 53.Ke5 Kb6 54.Rd7 f6+ 55.Kf5 g6+ 56.Kxf6  1-0

[Event "It"]
[Site "Pune IND"]
[Date "2004.09.06"]
[Round "4"]
[White "Nisipeanu,LD"]
[Black "Azmaiparashvili,Z"]
[Result "1-0"]
[WhiteElo "2686"]
[BlackElo "2679"]

1.e4 d6 2.d4 Nf6 3.f3 c5 4.Ne2 cxd4 5.Nxd4 e5 6.Nb3 d5 7.Bg5 Be6 8.Bxf6 gxf6
9.exd5 Bxd5 10.Nc3 Bb4 11.Qd2 Be6 12.Qxd8+ Kxd8 13.O-O-O+ Kc7 14.Nd5+ Bxd5
15.Rxd5 Nd7 16.Bd3 Rag8 17.g3 h5 18.Be4 b6 19.Rhd1 Rd8 20.c3 Be7 21.Bf5 Nb8
22.Rxd8 Rxd8 23.Rxd8 Kxd8 24.h4 Na6 25.g4 Bf8 26.gxh5 Nc7 27.Nd2 Bh6 28.Kc2 Nd5
29.Nf1 Nf4 30.Ng3 Ng2 31.Be4 Nxh4 32.Nf5 Nxf5 33.Bxf5 Ke7 34.b4 Kf8 35.c4 Ke7
36.Kb3 Kd6 37.Ka4 Be3 38.Kb5 Kc7 39.c5 bxc5 40.bxc5 Bh6 41.Kc4 Kc6 42.Be4+ Kc7
43.Kd5 Kd7 44.Bd3 Bf4 45.Bb5+ Ke7 46.Ke4 Ke6 47.Bc4+ Ke7 48.Kf5 Bg5 49.c6 Kd6
50.Bxf7 Kxc6 51.Kg6  1-0

[Event "Aeroflot Open"]
[Site "Moscow RUS"]
[Date "2005.02.22"]
[Round "8"]
[White "Nisipeanu,LD"]
[Black "Asrian,K"]
[Result "1/2-1/2"]
[WhiteElo "2673"]
[BlackElo "2602"]

1.e4 e6 2.d4 d5 3.Nc3 Bb4 4.Ne2 dxe4 5.a3 Be7 6.Nxe4 Nf6 7.N2g3 Nxe4 8.Nxe4 Nc6
9.Be3 O-O 10.f4 b6 11.c3 Bb7 12.Bd3 Bh4+ 13.g3 f5 14.Nf2 Bf6 15.Qe2 Kh8 16.Rg1 Ne7
17.O-O-O Qd6 18.Bc2 a5 19.g4 Nd5 20.Nd3 Ba6 21.g5 Be7 22.Qf2 b5 23.Ne5 b4
24.axb4 axb4 25.c4 b3 26.Bxb3 Qb4 27.Rd3 Qb7 28.Bd2 Nb4 29.Bxb4 Qxb4 30.Rh3 Bb7
31.d5 Kg8 32.Kc2 g6 33.Qh4 h5 34.Nxg6 Bxd5 35.cxd5 Qe4+ 36.Rd3 Qe2+ 37.Rd2 Qe4+
38.Rd3 Qe2+ 39.Rd2 Qe4+ 40.Rd3 Qe2+  1/2-1/2

[Event "ch-FRA Top 16 GpA"]
[Site "Noyon FRA"]
[Date "2005.03.31"]
[Round "4"]
[White "Nisipeanu,LD"]
[Black "Schlosser,P"]
[Result "1/2-1/2"]
[WhiteElo "2673"]
[BlackElo "2570"]

1.e4 c5 2.Nf3 d6 3.d4 Nf6 4.Nc3 cxd4 5.Nxd4 a6 6.Be2 e6 7.f4 Qc7 8.O-O Be7
9.Kh1 O-O 10.a4 Nc6 11.Be3 Re8 12.Bd3 Nb4 13.a5 Bd7 14.Qe1 Rac8 15.Qg3 Nxd3
16.cxd3 Bc6 17.f5 e5 18.Nf3 Kh8 19.Qh3 Bf8 20.Bg5 Nd7 21.f6 Nxf6 22.Bxf6 gxf6
23.Nh4 Be7 24.Nf5 Rg8 25.Qh4 Rg6 26.Rac1 Bf8 27.Nd5 Qd8 28.b4 Bd7 29.Rxc8 Bxc8
30.Qf2 Be6 31.h3 Rg5 32.Qf3 Qd7 33.Nxf6 Qb5 34.Qe3 Rg6 35.Nh4 Rg7 36.Nh5 Rg8
37.Nf6 Rg7 38.Qf3 Be7 39.Qe3 Qxb4 40.Qh6 Qxa5 41.Nh5 Rg8 42.Nf6 Rg7 43.Nh5  1/2-1/2

[Event "TCh-ROM A"]
[Site "Tusnad ROM"]
[Date "2005.05.21"]
[Round "1"]
[White "Sofronie,I"]
[Black "Nisipeanu,LD"]
[Result "0-1"]
[WhiteElo "2449"]
[BlackElo "2670"]

1.d4 Nf6 2.c4 e6 3.Nf3 d5 4.g3 Bb4+ 5.Bd2 Be7 6.Bg2 O-O 7.Qc2 c6 8.O-O Nbd7
9.Rd1 b6 10.Bc3 a5 11.Ne5 Bb7 12.Nd2 b5 13.b3 Nxe5 14.dxe5 Nd7 15.cxb5 cxb5
16.Qb2 Nc5 17.Bd4 Qb8 18.Rac1 Rc8 19.Nf3 b4 20.Rc2 Ra6 21.Rdc1 Rac6 22.Ne1 R8c7
23.Bf1 Qc8 24.e3 Ne4 25.Rxc6 Rxc6 26.Rxc6 Qxc6 27.Qc2 Nc3 28.Bd3 h6 29.a4 Bc5
30.Bb5 Qb6 31.Bxc5 Qxc5 32.Nf3 d4 33.Nxd4 Qd5 34.f3 Qxe5 35.Qd3 Nxb5 36.axb5 Qc5
37.Kg2 e5 38.Ne2 e4 39.fxe4 Qe5 40.Qd8+ Kh7 41.Qxa5 Qxe4+ 42.Kf2 Qf5+ 43.Ke1 Qb1+
44.Kf2 Qf5+ 45.Ke1 Qb1+ 46.Kf2 Qxb3 47.b6 Qb1 48.Qa7 Qh1 49.Qa2 Qxh2+ 50.Ke1 Qh1+
51.Kd2 Qc6 52.Qxf7 Qxb6 53.Nd4 Be4 54.Qc4 Qb7 55.Kc1 Bg6  0-1

[Event "TCh-ROM A"]
[Site "Tusnad ROM"]
[Date "2005.05.23"]
[Round "3"]
[White "Nisipeanu,LD"]
[Black "Varga,Zo"]
[Result "1-0"]
[WhiteElo "2670"]
[BlackElo "2515"]

1.e4 e5 2.Nf3 Nf6 3.Nxe5 Nxe4 4.Qe2 Qe7 5.Qxe4 d6 6.d4 dxe5 7.dxe5 Nc6 8.Nc3 Qxe5
9.Qxe5+ Nxe5 10.Bf4 Bd6 11.Bg3 f6 12.O-O-O a6 13.Ne4 Be7 14.Bxe5 fxe5 15.Rd5 Bf6
16.f4 Be6 17.Rc5 O-O-O 18.Nxf6 gxf6 19.fxe5 Bd5 20.exf6 Rhf8 21.Bd3 Rxf6
22.Rd1 c6 23.Bxh7 Bxg2 24.Rxd8+ Kxd8 25.Rg5 Rh6 26.Rxg2 Rxh7 27.Kd2 Rh3 28.Ke2 Ke8
29.Kf1 Kf7 30.Re2 Rh5 31.Kg2 Kf6 32.Kg3 Rg5+ 33.Kf4 Rh5 34.Rf2 Ra5 35.a3 Ra4+
36.Kg3+ Kg5 37.Rf7 Rg4+ 38.Kf3 Rc4 39.c3 b5 40.h3 a5 41.Rg7+ Kf6 42.Rg4 Rc5
43.Rf4+ Kg6 44.h4 Kh5 45.Ke4 Kg6 46.Kd3 Rh5 47.c4 b4 48.axb4 axb4 49.Kc2 Ra5
50.Kb3 c5 51.Rg4+ Kh5 52.Re4 Kg6 53.Re5 Kh6 54.h5 Kg7 55.Re6 Kh7 56.Rb6 Ra7
57.Rc6 Ra5 58.h6 Kg8 59.Rc7 Kh8 60.h7  1-0

[Event "TCh-ROM A"]
[Site "Tusnad ROM"]
[Date "2005.05.26"]
[Round "6"]
[White "Ceteras,M"]
[Black "Nisipeanu,LD"]
[Result "1/2-1/2"]
[WhiteElo "2426"]
[BlackElo "2670"]

1.c4 c5 2.Nf3 Nc6 3.Nc3 g6 4.e3 Bg7 5.d4 d6 6.Be2 Nf6 7.d5 Na5 8.e4 O-O 9.O-O a6
10.Rb1 e6 11.b4 cxb4 12.Rxb4 exd5 13.cxd5 Bg4 14.Be3 Nd7 15.Nd4 Bxe2 16.Qxe2 Rc8
17.Na4 Re8 18.f3 b5 19.Nb2 Rc3 20.a4 Nb6 21.Bf2 Nxd5 22.Qd2 Nxb4 23.Qxc3 Nbc6
24.axb5 axb5 25.Qd3 Nxd4 26.Bxd4 Bxd4+ 27.Qxd4 Nc6 28.Qf2 Ne5 29.Rd1 Qc7
30.h3 Ra8 31.f4 Nc4 32.Nd3 Qe7 33.Qd4 Ra4 34.Nf2 h5 35.Qd5 Qa7 36.Rd4 Ra2
37.e5 dxe5 38.fxe5 Ra1+ 39.Kh2 Ne3 40.Qd8+ Kh7 41.Ng4 Nf1+ 42.Kg1 Ne3+ 43.Kh2 Nf1+
44.Kg1 Ng3+ 45.Kh2 hxg4 46.Kxg3 Ra3+ 47.Kh4 gxh3 48.Kg5 Ra4 49.Rd3 Ra3 50.Rd4 Ra4
51.Rd3 Rh4 52.Kxh4 hxg2 53.Kh3 Qf2 54.Rd1  1/2-1/2

[Event "6th EICC"]
[Site "Warsaw POL"]
[Date "2005.06.29"]
[Round "11"]
[White "Nisipeanu,LD"]
[Black "Asrian,K"]
[Result "1/2-1/2"]
[WhiteElo "2670"]
[BlackElo "2611"]

1.e4 c6 2.d4 d5 3.e5 Bf5 4.c4 e6 5.Nc3 Ne7 6.a3 dxc4 7.Bxc4 Nd7 8.Nge2 Nb6
9.Bb3 Bg6 10.h4 h6 11.Nf4 Bf5 12.Be3 Qd7 13.Rc1 Ned5 14.Ncxd5 Nxd5 15.Nxd5 exd5
16.Bc2 Be7 17.Qf3 Bxc2 18.Rxc2 h5 19.Bg5 Qg4 20.Bxe7 Qxf3 21.gxf3 Kxe7 22.Rg1 Rhg8
23.Rc3 Ke6 24.f4 g6 25.Ke2 f6 26.Rf3 Kf5 27.Ke3 Rae8 28.Kd3 Re7 29.exf6 Kxf6
30.Re3 Rgg7 31.Rg5 Rgf7 32.Ree5 Kg7 33.Ke3 Kh6 34.b4 a6 35.a4 Kg7 36.Rg1 Kh7
37.a5 Kg7 38.Rg5 Kh6 39.Rxe7 Rxe7+ 40.Re5 Rg7 41.f3 Rf7 42.f5 Kg7 43.fxg6 Kxg6
44.Rg5+ Kh6 45.f4 Rg7 46.Kf3 Rg6 47.Kf2 Rg7 48.Ke3 Rg6 49.Kd3 Rg7 50.Kd2 Rg6
51.Ke2 Rg7 52.Kf2 Rg6 53.Kg3 Rg7 54.Kg2 Rg6 55.Kh3 Rg7  1/2-1/2

[Event "2nd Open Fincas Mediterranea"]
[Site "Castelldefels ESP"]
[Date "2005.08.17"]
[Round "1"]
[White "Nisipeanu,LD"]
[Black "Perez Gomez,S"]
[Result "1-0"]
[WhiteElo "2679"]
[BlackElo "1926"]

1.e4 e5 2.Nf3 Nc6 3.Bb5 a6 4.Ba4 Nf6 5.O-O Bc5 6.d3 b5 7.Bb3 O-O 8.Nc3 Qe7
9.Bg5 h6 10.Nd5 Qd6 11.Nxf6+ Kh8 12.Nh4 Nd4 13.Qh5 gxf6 14.Qxh6+ Kg8 15.Ng6  1-0

[Event "2nd Open Fincas Mediterranea"]
[Site "Castelldefels ESP"]
[Date "2005.08.18"]
[Round "2"]
[White "Catarineu Navines,F"]
[Black "Nisipeanu,LD"]
[Result "0-1"]
[WhiteElo "2051"]
[BlackElo "2679"]

1.e4 c5 2.Nc3 Nc6 3.f4 e6 4.Nf3 a6 5.d3 d5 6.Be2 Nge7 7.O-O g6 8.e5 h5 9.Qe1 Nf5
10.Bd2 b5 11.Nd1 c4 12.c3 d4 13.cxd4 Ncxd4 14.Nxd4 Qxd4+ 15.Nf2 Bb7 16.Bc3 Qxf4
17.Ng4 Bc5+ 18.Kh1 Qxf1+ 19.Bxf1 hxg4 20.d4 Ba7 21.Rd1 g3  0-1

[Event "2nd Open Fincas Mediterranea"]
[Site "Castelldefels ESP"]
[Date "2005.08.19"]
[Round "3"]
[White "Nisipeanu,LD"]
[Black "Wong Castaneda,A"]
[Result "1-0"]
[WhiteElo "2679"]
[BlackElo "2182"]

1.e4 e5 2.Nf3 d6 3.d4 exd4 4.Nxd4 Nf6 5.Nc3 Be7 6.g3 O-O 7.Bg2 Nc6 8.Nde2 Re8
9.O-O Bd7 10.h3 Bf8 11.g4 Be6 12.b3 a5 13.Bb2 a4 14.Nxa4 Rxa4 15.bxa4 Bc4
16.Re1 Nxe4 17.Nd4 Ng5 18.Rxe8 Qxe8 19.Nxc6 bxc6 20.Qd2 h6 21.Re1 Qa8 22.f4 Ne6
23.f5 Nc5 24.a5 d5 25.Be5 Qa7 26.Bd4 Qb8 27.Qe3 Qb4 28.c3 Qxa5 29.Qe8 Ne4
30.Bxe4 dxe4 31.f6 g6 32.a4 Be6 33.Ra1 c5 34.Be3 Qxc3 35.Rc1 Qxf6 36.Bxh6 Qd4+
37.Kg2 e3 38.Qxf8+ Kh7 39.Qg7+ Qxg7 40.Bxg7 Kxg7 41.Rxc5 e2 42.Kf2 f5 43.gxf5 gxf5
44.a5 Kg6 45.a6  1-0

[Event "2nd Open Fincas Mediterranea"]
[Site "Castelldefels ESP"]
[Date "2005.08.21"]
[Round "5"]
[White "Nisipeanu,LD"]
[Black "Megaranto,S"]
[Result "1/2-1/2"]
[WhiteElo "2679"]
[BlackElo "2499"]

1.e4 c6 2.d4 d5 3.e5 Bf5 4.Nf3 e6 5.Be2 Ne7 6.O-O Nd7 7.Nbd2 h6 8.Re1 Bh7
9.b3 Nf5 10.Bb2 g5 11.Nf1 g4 12.N3d2 h5 13.Bd3 Bh6 14.c4 Qb6 15.Qc2 Bg6 16.cxd5 cxd5
17.Rac1 O-O 18.Ne3 Ne7 19.Bxg6 fxg6 20.Ba3 Rfc8 21.Ndc4 dxc4 22.Bxe7 Kf7
23.bxc4 Kxe7 24.Qxg6 Rh8 25.c5 Qa6 26.d5 Rag8 27.d6+ Kd8 28.Qxe6 Re8 29.Qg6 Rxe5
30.Nxg4 Rxe1+ 31.Rxe1 hxg4 32.Qxg4 Kc8 33.Qh3 Qa5 34.Re7 Qa4 35.g3 Rf8 36.Qxh6 Qd1+
37.Kg2 Qf3+ 38.Kh3 Qf5+ 39.Kh4 Qxf2 40.Qe6 Rh8+ 41.Kg4 Qd4+ 42.Kf3 Rf8+ 43.Kg2 Qf2+
44.Kh3 Rh8+ 45.Kg4 Qd4+ 46.Kf3 Qd3+ 47.Kg2 Qd2+ 48.Kf3 Qd3+ 49.Kg2 Qd2+ 50.Kf3 Qd3+  1/2-1/2